| 000 | 01494nam1a2200313 i 4500 | ||
|---|---|---|---|
| 001 | RU\NLR\bibl\366737 | ||
| 005 | 20241213094510.0 | ||
| 010 | _a5-8057-0228-2 | ||
| 035 | _a(NLR Aleph) 000361300 | ||
| 090 |
_a337445 _c337445 |
||
| 100 | _a20030213g20029999u y0rusy50 ca | ||
| 101 | 0 | _arus | |
| 102 | _aRU | ||
| 105 | _a||||z ||||| | ||
| 200 | 1 |
_aСтратегический план Екатеринбурга - взгляд в будущее _eНауч.-практ. конф. _eРабочие материалы для обществ. обсуждения |
|
| 210 |
_aЕкатеринбург _cИзд-во АМБ _d2002 |
||
| 215 | _d21 | ||
| 300 | _aНа обл. 1-й подзаг.: III-я конф. по стратегии развития г. Екатеринбурга | ||
| 300 | _aВ надзаг.: Муницип. образование "Город Екатеринбург", Програм. совет стратег. развития Екатеринбурга | ||
| 463 | 0 | _1001362777 | |
| 463 | 0 | _1001362763 | |
| 607 |
_aЕкатеринбург, город _jСъезды, совещания и т.п. _xНародное хозяйство _xСтратегическое планирование _92223746 _3RU\NLR\auth\661335107 |
||
| 686 | _aУ23(2)8(2Р-4Св-2Ек)я431 | ||
| 801 | 0 |
_aRU _bNLR _c20030213 _gPSBO |
|
| 801 | 1 |
_aRU _bNLR _c20030213 |
|
| 852 |
_aNLR _j2003-3/2697 |
||
| 942 | _cBOOK | ||